000 00846nam a22002057a 4500
999 _c12194
_d12194
003 AR-CdUCM
008 190408b ||||| |||| 00| 0 spa d
040 _aMUNICIPALIDAD PROVINCIAL DEL CUSCO
_cBIBLIOTECA MUNICIPAL DEL CUSCO
082 _a465 /
_bB45 / 1847
100 _aBello, Andrés
_911162
245 _aGramática de la lengua castellana : destinada al uso de los americanos /
260 _aSantiago de Chile :
_bImprenta del progreso,
_c1847.
300 _a336 paginas ;
_c15 cm.
505 _aContenido : Estructural material de las palabras -- División de las palabras primitivas y derivadas simples y compuestas -- De los pronombres -- De los sustantivos neutros ...
650 _aGramática
_99175
650 _aPrononombres
_929921
650 _aVerbos irregulares
_929922
942 _2ddc
_cLIBROS
945 _awnts
_d2019-04-08